| 000 | 00455cam a2200181 4500 | ||
|---|---|---|---|
| 001 | 3982 | ||
| 005 | 20230410103642.0 | ||
| 008 | 060907n1997 dr spa | ||
| 020 | _a0140265619 | ||
| 035 | _9funglode4009 | ||
| 041 | _aEN | ||
| 050 | 1 | 4 | _a300 D 20 R645p 1997 |
| 100 | _aRoberts, J.M. | ||
| 245 | 1 | 4 |
_aThe penguin history of europe / _cJ.M. Roberts |
| 260 |
_aLondon : _bPeguin Books, _c1997 |
||
| 300 | _axvi, 722 p. | ||
| 942 |
_2lcc _cbk |
||
| 999 |
_c23259 _d23259 |
||